[Event "Montreal McGill op"]
[Site "Montreal"]
[Date "2013.05.05"]
[Round "3"]
[White "Beaulieu, Eric"]
[Black "Masse, Hugues"]
[Result "1-0"]
[WhiteElo "2204"]
[BlackElo "2264"]
[PlyCount "85"]
[EventDate "2013.05.03"]
[EventType "swiss"]
[EventRounds "5"]
[EventCountry "CAN"]
[SourceTitle "EXT 2014"]
[Source "ChessBase"]
[SourceDate "2013.11.20"]
[SourceVersion "1"]
[SourceVersionDate "2013.11.20"]
[SourceQuality "1"]

1. d4 Nf6 2. c4 g6 3. Nf3 Bg7 4. g3 0-0 5. Bg2 d6 6. Nc3 Nc6 7. 0-0 Bg4 8. Ne1 a6 9. h3 Bd7 10. Nc2 e5 11. d5 Ne7 12. b4 c6 13. dxc6 Bxc6 14. Bg5 Qc7 15. Ne3 Rac8 16. Rc1 Rfd8 17. h4 Qd7 18. Qd3 h6 19. Bxf6 Bxf6 20. b5 axb5 21. cxb5 Bxg2 22. Kxg2 Bg7 23. Ncd5 Rc5 24. Nxe7+ Qxe7 25. Rfd1 e4 26. Qb3 Rdc8 27. Rxc5 dxc5 28. h5 Kh7 29. Qc4 Bd4 30. hxg6+ fxg6 31. Nd5 Qe6 32. e3 Rd8 33. Rxd4 cxd4 34. Qc7+ Rd7 35. Qxd7+ Qxd7 36. Nf6+ Kg7 37. Nxd7 d3 38. Kf1 h5 39. Nc5 g5 40. Nxe4 Kg6 41. Ke1 Kf5 42. Nxg5 Kxg5 43. f3 1-0

[Event "Guelph Fall Pro-Am"]
[Site "Guelph"]
[Date "2006.11.05"]
[Round "4"]
[White "Beaulieu, Eric"]
[Black "Sundar, Avinash"]
[Result "1-0"]
[WhiteElo "2208"]
[BlackElo "2027"]
[PlyCount "105"]
[EventDate "2006.11.??"]
[EventType "swiss"]
[EventRounds "5"]
[EventCountry "CAN"]
[SourceTitle "EXT 2022"]
[Source "ChessBase"]
[SourceDate "2021.10.06"]
[SourceVersion "1"]
[SourceVersionDate "2021.10.06"]
[SourceQuality "1"]

1. d4 d5 2. Nf3 Nf6 3. c4 e6 4. Nc3 c6 5. e3 Nbd7 6. Bd3 dxc4 7. Bxc4 b5 8. Bd3 Bb7 9. 0-0 a6 10. a3 c5 11. Qe2 Be7 12. Rd1 Qc7 13. Bc2 0-0 14. e4 cxd4 15. Nxd4 Rfd8 16. Bg5 Rac8 17. Rac1 Bd6 18. h3 Bh2+ 19. Kf1 Bf4 20. Bxf4 Qxf4 21. g3 Qb8 22. Nf3 Ne5 23. Nxe5 Qxe5 24. Rxd8+ Rxd8 25. Rd1 Rxd1+ 26. Qxd1 g6 27. Qd3 Kg7 28. b4 g5 29. Qe3 g4 30. h4 h6 31. Ke2 Qc7 32. Bb3 Qc6 33. Kd3 Nd7 34. Qf4 Kf8 35. Qxh6+ Ke7 36. Qe3 Ne5+ 37. Kc2 Nd7 38. Kb2 a5 39. Bd5 Qc7 40. Bxb7 Qxb7 41. Qg5+ Ke8 42. Qxb5 Qa7 43. Qe2 axb4 44. axb4 Qd4 45. Kb3 Nf6 46. Qe3 e5 47. Qxd4 exd4 48. e5 Nd7 49. Nb5 d3 50. Nd6+ Ke7 51. Nc4 d2 52. Kc2 Ke6 53. Kxd2 1-0